000 00487nam a22001457a 4500
008 100323t xxu||||| |||| 00| 0 eng d
082 _222
_a005.453
_bPUN
100 _913035
_aPuntambekar, Anuradha A.
245 _aCompiler Design /
_bAnuradha A. Puntambeker.
260 _aPune :
_bTechnical publications,
_cc[2009].
300 _aVarious p. ;
_bill.;
_c24 cm.
650 _aCompilers (Computer programs)
_913036
650 _aComputer systems Compilers Design
_913037
942 _2ddc
_cBB
999 _c13834
_d13834